Normal view
MARC view
- Environmental chemistry
Entry Topical Term
001 - CONTROL NUMBER
- control field: 6081
003 - CONTROL NUMBER IDENTIFIER
- control field: OSt
005 - DATE AND TIME OF LATEST TRANSACTION
- control field: 20240220154256.0
008 - FIXED-LENGTH DATA ELEMENTS
- fixed length control field: 240220|| aca||aabn | a|a d
040 ## - CATALOGING SOURCE
- Original cataloging agency: OSt
- Transcribing agency: OSt
150 ## - HEADING--TOPICAL TERM
- Topical term or geographic name as entry element: Environmental chemistry
670 ## - SOURCE DATA FOUND
- Source citation: Work cat.: (OSt)13748: Bleam, W. F. 6079, Soil and environmental chemistry /, c2012.
